Statistics for MLB Top 100 All-Time: Slugging Percentage

Click here to take the quiz!

General Stats

  • This quiz has been taken 343 times
    (145 since last reset)
  • The average score is 59 of 100

Answer Stats

#BatterSLG% Correct
1Babe Ruth.6897
99%
8Barry Bonds.6069
96%
10Mark McGwire.5882
94%
22Willie Mays.5566
94%
51Ken Williams.5304
93%
2Ted Williams.6338
93%
3Lou Gehrig.6324
92%
21Mickey Mantle.5568
92%
28Alex Rodriguez.5502
90%
24Hank Aaron.5545
90%
33Albert Pujols.5438
89%
23Frank Thomas.5549
89%
38Ken Griffey Jr..5378
89%
27David Ortiz.5515
88%
13Mike Trout.5816
88%
44Sammy Sosa.5338
88%
97Harmon Killebrew.5085
87%
7Jimmie Foxx.6093
86%
12Manny Ramírez.5854
86%
25Jim Thome.5541
84%
73Miguel Cabrera.5183
84%
75Shoeless Joe Jackson.5174
84%
19Juan González.5607
83%
56Mike Schmidt.5273
83%
81Willie McCovey.5147
82%
52Chipper Jones.5293
81%
79Edgar Martínez.5155
80%
47Mel Ott.5331
80%
67Bryce Harper.5212
78%
39Frank Robinson.5370
78%
16Larry Walker.5652
78%
15Rogers Hornsby.5765
78%
26Vladimir Guerrero.5525
78%
53Giancarlo Stanton.5372
77%
20Stan Musial.5591
77%
87Ty Cobb.5117
77%
11Aaron Judge.5864
76%
T82Rafael Palmeiro.5145
76%
80Ryan Howard.5152
76%
37Todd Helton.5391
76%
35Jeff Bagwell.5403
73%
14Joe DiMaggio.5788
73%
54Willie Stargell.5286
72%
T93Eddie Mathews.5094
71%
29Ralph Kiner.5479
71%
17Albert Belle.5638
70%
61J.D. Martinez.5240
67%
31Mike Piazza.5452
67%
85Gary Sheffield.5139
66%
9Hank Greenberg.6050
66%
T82José Canseco.5145
66%
86Nelson Cruz.5129
66%
30Carlos Delgado.5459
65%
36Duke Snider.5397
65%
95Fred McGriff.5091
63%
76Jason Giambi.5164
60%
32Hack Wilson.5447
54%
18Johnny Mize.5620
54%
62Jud Wilson.5237
54%
63Mo Vaughn.5231
53%
48Ryan Braun.5323
53%
T99Bob Johnson.5059
52%
89Joey Votto.5110
49%
58Mookie Betts.5266
49%
72Paul Goldschmidt.5193
49%
40Lance Berkman.5369
48%
84Freddie Freeman.5143
47%
55Nolan Arenado.5275
46%
43Al Simmons.5349
45%
T77Josh Hamilton.5157
45%
64Matt Olson.5217
42%
60Juan Soto.5244
41%
41Ronald Acuna Jr..5366
41%
T45Dick Allen.5336
39%
57Jim Edmonds.5271
37%
T93Mark Teixeira.5094
36%
71Kevin Mitchell.5198
34%
34Chuck Klein.5430
31%
91Matt Holliday.5102
31%
90Ellis Burks.5104
30%
T77Moises Alou.5157
30%
88Corey Seager.5116
29%
69Harry Heilmann.5205
28%
68Nomar Garciaparra.5206
27%
T99Bill Terry.5059
24%
6Oscar Charleston.6150
24%
T49Babe Herman.5319
22%
74Charlie Keller.5177
22%
92Rafael Devers.5096
22%
T49Lefty O'Doul.5319
18%
5Turkey Stearnes.6157
18%
98Richie Sexson.5069
17%
70Dan Brouthers.5201
16%
4Mule Suttles.6199
16%
42Willie Wells.5355
13%
59Chick Hafey.5261
12%
T45Earl Averill.5336
10%
T65Hal Trosky.5216
8%
T65Wally Berger.5216
6%
96Jeff Heath.5088
2%

Score Distribution

Percentile by Number Answered

Percent of People with Each Score

Your Score History

You have not taken this quiz since the last reset